| 000 | 00368nam a22001457a 4500 | ||
|---|---|---|---|
| 005 | 20250428154550.0 | ||
| 008 | 250428b |||||||| |||| 00| 0 eng d | ||
| 020 | _a9788178845029 | ||
| 050 |
_aHC110 _b.P6 KOT |
||
| 100 | _aKothekar, R. | ||
| 245 | _aEconomics of poverty | ||
| 260 |
_aNew Delhi _bCyber Tech Publications _cc2009 |
||
| 300 | _a256p | ||
| 942 |
_2lcc _cBK _n0 |
||
| 999 |
_c5577 _d5577 |
||